000 01752nam a2200457 c 4500
001 52500
003 ES-MaCES
005 20250203134034.0
007 cr |||||||||||
008 221021s2021 sp r o000 ||spa d
017 _aM-20567-2021
_bDL
020 _a9788417609559
040 _aES-MaCES
_bspa
_cES-MaCES
100 1 _aMalo Ocaña, Miguel Ángel
_917354
245 1 0 _aEnvejecimiento y capital social
_hRecurso electrónico
_b: la importancia de las redes de amigos y la participación social en el bienestar individual
_cMiguel Ángel Malo, Ricardo Pagán
260 _aMadrid
_bFuncas
_c[2021]
300 _a1 documento pdf
_epdf (814 kb)
490 1 _aEstudios de la Fundación
_vSerie economía y sociedad
504 _aBibliografía: p. 92-95
541 _cCompra
650 4 _aenvejecimiento
_928516
650 4 _apersonas de edad avanzada
_928521
650 4 _arelaciones humanas
_928211
650 4 _arelaciones entre los grupos
_927306
650 4 _ared social
_930592
650 4 _aparticipación social
_927284
650 4 _abienestar familiar
_929489
650 4 _aasistencia a las personas de edad avanzada
_927061
650 4 _acuidados de larga duración
_930677
650 4 _apolítica social
_927029
650 4 _aEspaña
_926964
650 4 _aEuropa
_926940
650 4 _aevaluación del impacto
_930732
653 1 0 _aAsuntos Sociales
700 1 _aPagán Rodríguez, Ricardo
_920225
710 2 _aFundación de las Cajas de Ahorros
_eed.
_93800
830 0 _aEstudios de la Fundación de las Cajas de Ahorros
_pSerie Economía y sociedad
_934278
856 4 _uhttp://biblioteca.ces.es/repintra/B52500.pdf
_ytexto completo
_z[intranet]
902 _aELE PUB. ELECTRONICA
942 _2CES
_cBK
_h3.3.
999 _c52500
_d52500